| 000 | 01284cam a2200349 i 4500 | ||
|---|---|---|---|
| 001 | 41603 | ||
| 003 | Mx-PuUPA | ||
| 005 | 20250603103236.0 | ||
| 008 | 140415s2007 sp gr 000 0 spa d | ||
| 017 | _aM-9384-2007 | ||
| 020 | _a9788474908398 | ||
| 040 |
_aMx-PuUPA _bspa _cMx-PuUPA _dMx-PuUPA _erda |
||
| 041 | 1 |
_aspa _hger |
|
| 100 | 1 |
_aBrentano, Franz, 1838-1917 _eautor _9156 |
|
| 240 | 1 | 0 |
_aVon der mannigfachen bedeutung des seienden nach Aristoteles. _lEspañol |
| 245 | 1 | 0 |
_aSobre los múltiples significados del ente según Aristóteles / _cFranz Brentano ; presentación y traducción de Manuel Abella |
| 264 | 1 |
_aMadrid : _bEdiciones Encuentro, _c©2007 |
|
| 300 |
_a287 páginas ; _c23 cm |
||
| 336 |
_2rdacontent _atexto _btxt |
||
| 337 |
_2rdamedia _asin medio _bn |
||
| 338 |
_2rdacarrier _avolumen _bnc |
||
| 490 | 0 |
_aEnsayos ; _v295 |
|
| 490 | 0 | _aFilosofía | |
| 600 | 1 | _aAristóteles, 384-322 a.C. | |
| 600 | 1 |
_aAristóteles _xCrítica e interpretación |
|
| 650 | 7 |
_2armarc _aMetafísica |
|
| 700 | 1 |
_aAbella, Manuel, _etraductor _eautor de presentación |
|
| 765 | 0 |
_aBretano, Franz, _taVon der mannigfachen bedeutung des seienden nach Aristoteles. |
|
| 942 |
_2ddc _cLI _h111 _iB8218 |
||
| 999 |
_c41603 _d41603 |
||